000 00716nam a2200313Ia 4500
005 20250425161948.0
008 250425s9999 xx 000 0 und d
020 _a9688809640
041 _aspa
082 _a512.1
100 _aSULLIVAN, MICHAEL
245 0 _aPRECÁLCULO
250 _a4A ED.
260 _aMEXICO
260 _aMéxico
_bPRENTICE HALL
_c1997
300 _a842
650 _aALGEBRA
650 _aALGEBRA
650 _aECUACIONES
650 _aECUACIONES
650 _aFUNCIONES POLINOMIALES
650 _aFUNCIONES POLINOMIALES
650 _aPRECALCULO
650 _aPRECALCULO
650 _aTRIGONOMETRIA
650 _aTRIGONOMETRIA
942 _c01
010 _a37673
999 _c219742
_d219742